| 000 | 00427nam a2200157Ia 4500 | ||
|---|---|---|---|
| 008 | 210716s2012 xx 000 0 und d | ||
| 020 | _a9788131721384 | ||
| 041 | _aeng | ||
| 082 | _a658.56 HEIJ | ||
| 100 | _aHeizer, Jay;Render, Barry;Rajashekhar, Jagadeesh. | ||
| 245 | _aOperations management. | ||
| 250 | _a9 | ||
| 260 |
_aNew Delhi _bPearson _c2012 |
||
| 300 | _axxix,762,A4,I10/2011 | ||
| 650 | _aOperations Management | ||
| 999 |
_c206696 _d206696 |
||